| 000 | 00330nam a2200121Ia 4500 | ||
|---|---|---|---|
| 008 | 210430s9999 xx 000 0 und d | ||
| 082 | _a620.11 B4141 M | ||
| 100 |
_aFerdinand P.Beer _913404 |
||
| 245 |
_aMechanics of Materials 3rd _cFerdinand P.Beer |
||
| 260 |
_aBoston _bMcGraw Hill _c2004 |
||
| 300 | _a780p. | ||
| 942 |
_cBK _2ddc |
||
| 999 |
_c562280 _d562280 |
||